| 000 | 00398nam a2200157Ia 4500 | ||
|---|---|---|---|
| 005 | 20240607064819.0 | ||
| 008 | 240331s9999 xx 000 0 und d | ||
| 020 | _a0012155X | ||
| 082 |
_bDEV _a362 |
||
| 100 | _aSAGE. ed | ||
| 245 | 0 |
_aDevelopment and change : _bVol.14, No.4, October 1983 |
|
| 260 |
_aLondon _bSAGE Publications _c1983 |
||
| 300 | _a628 p., | ||
| 650 | _aDevelopment | ||
| 942 | _cL | ||
| 999 |
_c2930 _d2930 |
||